Disposal of the dead in the Mahabharata : (Record no. 123287)

MARC details
000 -LEADER
fixed length control field 00734nam a22002177a 4500
005 - DATE AND TIME OF LATEST TRANSACTION
control field 20170124105923.0
010 ## - LIBRARY OF CONGRESS CONTROL NUMBER
LC control number 959160
020 ## - INTERNATIONAL STANDARD BOOK NUMBER
Terms of availability 35.00
037 ## - SOURCE OF ACQUISITION
Source of stock number/acquisition Cen Lib/Ret
040 ## - CATALOGING SOURCE
Original cataloging agency DPL
Language of cataloging EN
082 ## - DEWEY DECIMAL CLASSIFICATION NUMBER
Classification number 392.0954
Item number TIW
100 ## - MAIN ENTRY--PERSONAL NAME
Personal name Tiwari, Jagdish Narain
9 (RLIN) 108228
245 ## - TITLE STATEMENT
Title Disposal of the dead in the Mahabharata :
Statement of responsibility, etc by Jagdish Narain Tiwari
Remainder of title A study in the funeral customs in ancient India /
260 ## - PUBLICATION, DISTRIBUTION, ETC. (IMPRINT)
Place of publication, distribution, etc Varanasi
Name of publisher, distributor, etc Kishor Vidya Niketan
Date of publication, distribution, etc 1979
270 ## - ADDRESS
Address Bhadaini,Varanasi
City Varanasi
300 ## - PHYSICAL DESCRIPTION
Extent 96p.
Dimensions 21cm(Hb)
500 ## - GENERAL NOTE
General note Includes bibliography reference and index
650 ## - SUBJECT ADDED ENTRY--TOPICAL TERM
Topical term or geographic name as entry element Hindu religion
9 (RLIN) 108229
650 ## - SUBJECT ADDED ENTRY--TOPICAL TERM
Topical term or geographic name as entry element Mahabharata-History -India
9 (RLIN) 108230
942 ## - ADDED ENTRY ELEMENTS (KOHA)
Source of classification or shelving scheme Dewey Decimal Classification
Koha item type English Books
Classification part 392.0954
Call number suffix TIW
Holdings
Withdrawn status Lost status Damaged status Not for loan Home library Current library Date acquired Source of acquisition Cost, normal purchase price Total Checkouts Full call number Barcode Date last seen Copy number Cost, replacement price Price effective from Koha item type Public note
Written off       Central Library Central Library 04/06/2015 Cen Lib/Ret 35.00   392.0954 TIW 959160 04/06/2015 1 35.00 04/06/2015 English Books Written off on approval by DLB (By Circulation); dtd 15-06-2023

© Delhi Public Library
Hit Counter
free hit counter